Sports Quiz

Random Sports or Numbers Quiz
Score 0/15 Timer 05:00
0 Plays Today
Number Player % Correct
21Tim Duncan
99.7%
9Tony Parker
98.6%
20Manu Ginobili
93.2%
12Bruce Bowen
78.4%
Head CoachGregg Popovich
77.6%
4Michael Finley
65.1%
7Fabricio Oberto
63.4%
5Robert Horry
57.4%
Number Player % Correct
15Matt Bonner
52.3%
17Brent Barry
48%
11Jacque Vaughn
26.7%
14Beno Udrih
25.3%
16Francisco Elson
22.7%
2Melvin Ely
6.8%
33James White
6%

You're not logged in!

Compare scores with friends on all Sporcle quizzes.
OR
Log In

Sporcle TV

Today on Sporcle TV


Watch our educational content, quiz creation guides, and fun videos on Sporcle TV.

Show Comments

Extras

Top Quizzes Today


Score Distribution

Paid Content

Your Account Isn't Verified!

In order to create a playlist on Sporcle, you need to verify the email address you used during registration. Go to your Sporcle Settings to finish the process.

Report this User

Report this user for behavior that violates our Community Guidelines.

Details: